| 000 | 00558 a2200157 4500 | ||
|---|---|---|---|
| 003 | NUST | ||
| 005 | 20221202180637.0 | ||
| 040 | _cNust | ||
| 082 | _a015.54910175,MAH | ||
| 100 |
_aQuaid-i-azam university islamabad _9104044 |
||
| 245 |
_aAnnotated Bibliography of Research Theses / _cQuaid-i-azam university islamabad |
||
| 260 |
_aislamabad _bQuaid-i-azam university islamabad _c1998 |
||
| 300 | _axix,558 p.: | ||
| 505 | _aApplied Science (Page-1), Basic Science (Page -10), Social Sciences and Humanities (Page-409). | ||
| 942 |
_2ddc _cBK _k015.54910175,MAH |
||
| 999 |
_c193684 _d193684 |
||